1687 1759 1082 1585 1722 1144 1767 1130 1020 1128 1826 1456 1623 1914 1873 1109 1319 1645 1476 1554 1128 1541 1393 1976 1122 1140 1894 1476 1515 1902 1450 1947 1879 1171 1821 1552 1423 1844 1764 1230 1923 1834 1968 1332 1700 1869 1244 1920 1406 1477 1817 1175 1121 1056 1837 1771 1658 1575 1915 1107 1140 1765 1792 1508 1776 1424 1013 1832 1618 1020 1174 1213 1397 1456 1695 1927 1540 1219 1375 1530 1712 1742 1554 1862 1461 1626 1675 1466 1627 1383 1486 1156 1000 1358 1103 1526 1843 1542 1842 BCNSPRNW ULIB Ver.6.0+V

เปลี่ยนเป็นภาษาไทย

Change to English
 แสดงรายละเอียดบรรณานุกรม
  กลับหน้าหลัก

Brief Record : Get Marc (ISO 2709) : E-mail record : QR code < ปิดหน้าต่าง
LEADER : 00000nam 2200000uu 4500
001    13399124953
003     ULIB
008    160526s2555||||th 000 0 tha d
020    ^a9786162232114
060  0 ^aWY152^bพ239ท
100 0  ^aพรทิพย์ บุญพวง
245 10 ^aทักษะการพยาบาลผู้ใหญ่ขั้นพื้นฐาน /^cพรทิพย์ บุญพวง
250    ^aพิมพ์ครั้งที่ 1
260    ^aขอนแก่น :^bมหาวิทยาลัยขอนแก่น,^c2555
300    ^a289 หน้า :^bภาพประกอบ ;^c27 ซม
500    ^aการพยาบาลผู้ใหญ่
505 2  ^aทักษะที่จำเป็นสำหรับการพยาบาล -- ทักษะการประเมินผู้ป่วยผู้ใหญ่ --ทักษะพื้นฐานในการให้การพยาบาล -- ทักษะพื้นฐานในการดูแลด้านร่างกาย --ทักษะพื้นฐานในการดูแลด้านจิตสังคม
650  7 ^aการพยาบาลผู้ใหญ่
945    ^p200^l0^i23596
945    ^p200^l0^i23597
945    ^p200^l0^i23598
945    ^p200^l0^i23599
945    ^p200^l0^i23600
999    ^aทศพร เกษรทอง
รายการนี้ยังไม่มีแท็ก
คุณยังไม่ได้ล็อกอิน คุณสามารถมีกิจกรรมร่วมกับเว็บไซต์ได้ แต่ต้องล็อกอินก่อน ::
  ล็อกอิน

รายการสื่อสารสนเทศ

ลำดับที่ ประเภท เลขเรียก/บาร์โค้ด สถานที่ สถานะ
1. Book การพยาบาล
Book การพยาบาล
สถานะ=หนังสือเก่า
WY152 พ239ท ฉ.1 
  Barcode: 23596
ห้องสมุดวิทยาเขตนครสวรรค์
►ส่วนจัดเก็บหนังสือเก่า นว.
บนชั้น
  ขอยืม
2. Book การพยาบาล
Book การพยาบาล
สถานะ=หนังสือเก่า
WY152 พ239ท ฉ.2 
  Barcode: 23597
ห้องสมุดวิทยาเขตนครสวรรค์
►ส่วนจัดเก็บหนังสือเก่า นว.
บนชั้น
  ขอยืม
3. Book การพยาบาล
Book การพยาบาล
สถานะ=หนังสือเก่า
WY152 พ239ท ฉ.3 
  Barcode: 23598
ห้องสมุดวิทยาเขตนครสวรรค์
►ส่วนจัดเก็บหนังสือเก่า นว.
บนชั้น
  ขอยืม
4. Book การพยาบาล
Book การพยาบาล
สถานะ=หนังสือเก่า
WY152 พ239ท ฉ.4 
  Barcode: 23599
ห้องสมุดวิทยาเขตนครสวรรค์
►ส่วนจัดเก็บหนังสือเก่า นว.
บนชั้น
  ขอยืม
5. Book การพยาบาล
Book การพยาบาล
สถานะ=หนังสือเก่า
WY152 พ239ท ฉ.5 
  Barcode: 23600
ห้องสมุดวิทยาเขตนครสวรรค์
►ส่วนจัดเก็บหนังสือเก่า นว.
บนชั้น
  ขอยืม

รายการใกล้เคียง
    ผู้แต่ง [พรทิพย์ บุญพวง]

    หัวเรื่อง [การพยาบาลผู้ใหญ่]

BibComment


ยังไม่เคยถูกคอมเมนท์

คอมเมนท์ทรัพยากรรายการนี้
  คอมเมนท์: ทักษะการพยาบาลผู..


 Copyright 2026. Bcnsprnw @Library